00482 2200193 4500001002100000005001500021035002000036007000300056008004100059020002200100082000800122084001400130100001400144245002900158250001100187260004800198300003200246650001000278INLIS00000000000104620210806083956 a0010-0821000022ta210806 d f ind  a978-602-062-340-5 a813 a813 TER k0 aTere Liye1 aKomet Minor /cTere Liye acet. 3 aJakarta :bPT Gramedia Pustaka Utama,c2019 a376 hlm. ;c13.5 cm x 20 cm aNovel